| 000 | 01529cam a2200385 a 4500 | ||
|---|---|---|---|
| 005 | 20260322212016.0 | ||
| 008 | data | ||
| 010 | _a 87025526 | ||
| 020 | _a0292711123 | ||
| 020 | _a9780292711129 | ||
| 040 |
_aDLC _cDLC _dDLC |
||
| 043 |
_an-usp-- _an-usp-- |
||
| 050 | 0 | 0 |
_aN8214.5.U6 _bS28 1988 |
| 082 | 0 | 0 |
_a758/.9978 _219 |
| 092 | _a758.99 S28 1988 | ||
| 100 | 1 |
_aSaunders, Richard H., _d1949- |
|
| 245 | 1 | 0 |
_aCollecting the West : _bthe C.R. Smith Collection of western American art / _cRichard H. Saunders & Archer M. Huntington Art Gallery. |
| 250 | _a1st ed. | ||
| 260 |
_aAustin : _bPublished for the Archer M. Huntington Art Gallery, College of Fine Arts, the University of Texas at Austin by the University of Texas Press, _c1988. |
||
| 300 |
_a212 p. : _bill. (some col.) ; _c32 cm. |
||
| 500 | _aIncludes index. | ||
| 504 | _aBibliography: p. 201-206. | ||
| 600 | 1 | 0 |
_aSmith, C. R. _q(Cyrus Rowlett), _d1899- _xCatalogs. _xCatalogs. |
| 610 | 2 | 0 |
_aArcher M. Huntington Art Gallery _xCatalogs. |
| 650 | 0 |
_aWest (U.S.) in art _xCatalogs. |
|
| 650 | 0 |
_aArt, American _xCatalogs. |
|
| 650 | 0 |
_aArt, Modern _y19th century _xCatalogs. |
|
| 650 | 0 |
_aArt, Modern _y20th century _xCatalogs. |
|
| 650 | 0 |
_aArt _xCatalogs. _zAustin _zAustin _xCatalogs. |
|
| 650 | 0 |
_aArt _zAustin _zAustin _xCatalogs. |
|
| 710 | 2 | _aArcher M. Huntington Art Gallery. | |
| 740 | 0 | _aC.R. Smith Collection of western American art. | |
| 856 | 4 | 2 |
_3Publisher description _uhttp://www.loc.gov/catdir/description/texas041/87025526.html |
| 001 | data | ||
| 999 |
_c357 _d357 |
||